[Event "Ile et Vilaine op"]
[Site "Rennes"]
[Date "2017.07.10"]
[Round "4"]
[White "Damen, Igor"]
[Black "Sauvaget, Franck"]
[Result "1/2-1/2"]
[WhiteElo "1997"]
[BlackElo "2065"]
[PlyCount "111"]
[EventDate "2017.07.08"]
[EventType "swiss"]
[EventRounds "9"]
[EventCountry "FRA"]
[SourceTitle "EXT 2019"]
[Source "ChessBase"]
[SourceDate "2018.10.10"]
[SourceVersion "1"]
[SourceVersionDate "2018.10.10"]
[SourceQuality "1"]

1. e4 e5 2. Nf3 Nc6 3. Bb5 a6 4. Ba4 Nf6 5. 0-0 Be7 6. Re1 b5 7. Bb3 d6 8. c3 0-0 9. h3 Na5 10. Bc2 c5 11. d4 Qc7 12. Nbd2 cxd4 13. cxd4 Nc6 14. d5 Nb4 15. Bb1 a5 16. Nf1 Bd7 17. Bd2 Rfc8 18. Ne3 Na6 19. g4 Nc5 20. Nf1 Na4 21. Bc1 b4 22. Ng3 g6 23. g5 Ne8 24. Kg2 Ng7 25. Rh1 Rab8 26. Bd3 Nc5 27. Be3 Qd8 28. Rc1 Na4 29. Qd2 Rxc1 30. Rxc1 Rc8 31. Be2 Rxc1 32. Qxc1 Qb8 33. Nd2 Ne8 34. Bd1 Bd8 35. Nc4 Qc8 36. Bxa4 Bxa4 37. f3 Bb5 38. b3 Ba6 39. Nb2 Qxc1 40. Bxc1 Bb6 41. Nf1 Bd4 42. Ne3 Bxb2 43. Bxb2 Nc7 44. a3 Kf8 45. axb4 axb4 46. Nc2 Be2 47. Nxb4 Bd1 48. Nc6 Bxb3 49. Bxe5 dxe5 50. d6 Ne6 51. d7 Ba4 52. d8Q+ Nxd8 53. Nxd8 Ke7 54. Nb7 Bb5 55. Nc5 Bc4 56. Na4 1/2-1/2

[Event "NED-ch U20 op"]
[Site "Borne"]
[Date "2013.08.06"]
[Round "2"]
[White "Damen, Igor"]
[Black "Smit, Maarten"]
[Result "1/2-1/2"]
[WhiteElo "1879"]
[BlackElo "1764"]
[PlyCount "55"]
[EventDate "2013.08.05"]
[EventType "swiss"]
[EventRounds "9"]
[EventCountry "NED"]
[SourceTitle "EXT 2015"]
[Source "ChessBase"]
[SourceDate "2014.11.20"]
[SourceVersion "1"]
[SourceVersionDate "2014.11.20"]
[SourceQuality "1"]

1. Nf3 Nf6 2. g3 g6 3. Bg2 Bg7 4. c4 d5 5. cxd5 Nxd5 6. Nc3 Nb6 7. 0-0 0-0 8. d3 Nc6 9. a3 e5 10. Qc2 a5 11. Na4 Nxa4 12. Qxa4 Nd4 13. Nxd4 exd4 14. Bf4 Re8 15. Rfe1 c6 16. h3 Be6 17. Rac1 Bd5 18. Qc2 a4 19. Bxd5 Qxd5 20. Qc5 Ra5 21. Qxd5 Rxd5 22. Rc4 Rb5 23. Rxa4 Rxb2 24. Kg2 Be5 25. Bh6 Bg7 26. Bf4 Be5 27. Bh6 Bg7 28. Bf4 1/2-1/2

[Event "NED-ch U20 op"]
[Site "Borne"]
[Date "2013.08.05"]
[Round "1"]
[White "Kompaan, Rick"]
[Black "Damen, Igor"]
[Result "0-1"]
[WhiteElo "1511"]
[BlackElo "1879"]
[PlyCount "42"]
[EventDate "2013.08.05"]
[EventType "swiss"]
[EventRounds "9"]
[EventCountry "NED"]
[SourceTitle "EXT 2015"]
[Source "ChessBase"]
[SourceDate "2014.11.20"]
[SourceVersion "1"]
[SourceVersionDate "2014.11.20"]
[SourceQuality "1"]

1. e4 e5 2. Nf3 Nc6 3. Bc4 Nf6 4. Ng5 d5 5. exd5 b5 6. dxc6 bxc4 7. Nc3 Be7 8. Qe2 h6 9. Nf3 Bg4 10. Qxc4 Bd6 11. d4 exd4 12. Nxd4 0-0 13. f3 Rb8 14. fxg4 Rb4 15. Qd3 Rxd4 16. Qb5 Nxg4 17. 0-0 Bxh2+ 18. Kh1 Qh4 19. Rf3 Bg3+ 20. Kg1 Qh2+ 21. Kf1 Qh1+ 0-1

[Event "Vlissingen HZ op 16th"]
[Site "Vlissingen"]
[Date "2012.08.04"]
[Round "1"]
[White "Damen, Igor"]
[Black "Esen, Baris"]
[Result "0-1"]
[WhiteElo "1915"]
[BlackElo "2587"]
[PlyCount "42"]
[EventDate "2012.08.04"]
[EventType "swiss"]
[EventRounds "9"]
[EventCountry "NED"]
[SourceTitle "CBM 149 Extra"]
[Source "ChessBase"]
[SourceDate "2012.08.24"]
[SourceVersion "1"]
[SourceVersionDate "2012.08.24"]
[SourceQuality "1"]

1. e4 d5 2. exd5 Qxd5 3. Nf3 Nf6 4. d4 g6 5. c4 Qd8 6. g3 c5 7. Bg2 Bg7 8. 0-0 cxd4 9. Nxd4 0-0 10. Nb5 Nc6 11. N1c3 Bf5 12. Be3 Ng4 13. Re1 a6 14. Qxd8 Rfxd8 15. Nc7 Rac8 16. N7d5 Nxe3 17. Rxe3 e6 18. Nb6 Rb8 19. Ree1 Rd2 20. Nca4 Bd4 21. Rf1 Rd8 0-1

[Event "Agneaux St Lo op-B 14th"]
[Site "Agneaux"]
[Date "2012.07.08"]
[Round "2.17"]
[White "Damen, Igor"]
[Black "Bertrand, Benjamin"]
[Result "0-1"]
[WhiteElo "1946"]
[BlackElo "1687"]
[PlyCount "104"]
[EventDate "2012.07.08"]
[EventType "swiss"]
[EventRounds "8"]
[EventCountry "FRA"]
[SourceTitle "EXT 2014"]
[Source "ChessBase"]
[SourceDate "2013.11.20"]
[SourceVersion "1"]
[SourceVersionDate "2013.11.20"]
[SourceQuality "1"]

1. e4 c6 2. d4 d5 3. Nd2 dxe4 4. Nxe4 Bf5 5. Ng3 Bg6 6. Nf3 Nd7 7. Bd3 Ngf6 8. 0-0 e6 9. Re1 Be7 10. Bxg6 hxg6 11. Qe2 Qc7 12. Bd2 0-0-0 13. c4 Bd6 14. Ne5 Nxe5 15. dxe5 Bxe5 16. Qxe5 Qxe5 17. Rxe5 Rxd2 18. Re2 Rhd8 19. Rae1 Rxe2 20. Rxe2 Rd1+ 21. Nf1 Ra1 22. b3 Rd1 23. Rd2 Rxd2 24. Nxd2 Kd7 25. f3 Kd6 26. Kf2 Kc5 27. Ke3 Kb4 28. Nb1 a5 29. Kd2 a4 30. Kc2 axb3+ 31. axb3 Nd7 32. Nc3 Nc5 33. Na2+ Ka3 34. Nc1 e5 35. Kc3 e4 36. fxe4 Nxe4+ 37. Kc2 Nf2 38. Kc3 f5 39. Ne2 Ne4+ 40. Kc2 g5 41. Nd4 f4 42. Ne6 Kb4 43. h3 g6 44. Kd3 Nc5+ 45. Nxc5 Kxc5 46. Kc3 Kd6 47. Kd4 c5+ 48. Ke4 Ke6 49. g3 fxg3 50. Kf3 g4+ 51. hxg4 g5 52. Kxg3 Ke5 0-1

[Event "Leiden Noteboom Memorial-A 72nd"]
[Site "Leiden"]
[Date "2012.02.18"]
[Round "2"]
[White "Damen, Igor"]
[Black "Losekoot, Pascal"]
[Result "0-1"]
[WhiteElo "1937"]
[BlackElo "2072"]
[PlyCount "36"]
[EventDate "2012.02.17"]
[EventType "swiss"]
[EventRounds "6"]
[EventCountry "NED"]
[SourceTitle "CBM 147 Extra"]
[Source "ChessBase"]
[SourceDate "2012.04.24"]
[SourceVersion "1"]
[SourceVersionDate "2012.04.24"]
[SourceQuality "1"]

1. e4 c5 2. Nf3 e6 3. d4 cxd4 4. Nxd4 Nf6 5. Bd3 Nc6 6. Nxc6 bxc6 7. 0-0 d5 8. Nd2 h5 9. Qe2 Qc7 10. f4 h4 11. e5 Bc5+ 12. Kh1 Nh5 13. Qg4 Ng3+ 14. hxg3 hxg3+ 15. Qh3 Rxh3+ 16. gxh3 Bf2 17. Nf3 Bb7 18. b3 0-0-0 0-1

[Event "NED-ch op U18"]
[Site "Enschede"]
[Date "2010.08.13"]
[Round "8"]
[White "Wallace, Gavin"]
[Black "Damen, Igor"]
[Result "1-0"]
[WhiteElo "1640"]
[BlackElo "1937"]
[PlyCount "87"]
[EventDate "2010.08.09"]
[EventType "swiss"]
[EventRounds "9"]
[EventCountry "NED"]
[SourceTitle "CBM 137 Extra"]
[Source "ChessBase"]
[SourceDate "2010.09.01"]
[SourceVersion "1"]
[SourceVersionDate "2010.09.01"]
[SourceQuality "1"]

1. Nc3 d6 2. d4 c6 3. e4 e5 4. dxe5 dxe5 5. Be3 Nf6 6. Qxd8+ Kxd8 7. 0-0-0+ Ke8 8. f3 Nbd7 9. Bc4 Bc5 10. Bxc5 Nxc5 11. Nge2 Ke7 12. Ng3 b5 13. Bb3 a5 14. a4 b4 15. Nb1 g6 16. Nd2 Ba6 17. Ngf1 Nfd7 18. Ne3 Nb6 19. Ndc4 Nxc4 20. Bxc4 Bc8 21. b3 Nb7 22. Rd2 Nd6 23. Rhd1 Rd8 24. g4 Ra7 25. h4 h6 26. h5 g5 27. Nf5+ Bxf5 28. exf5 Nb7 29. f6+ Ke8 30. Bxf7+ Kxf7 31. Rxd8 Nxd8 32. Rxd8 Kxf6 33. Rd6+ Kg7 34. Rxc6 Rf7 35. Re6 Rxf3 36. Rxe5 Rf4 37. Rxa5 Rxg4 38. Rb5 Rd4 39. a5 g4 40. a6 g3 41. a7 g2 42. Rb7+ Kf6 43. Rb6+ Kf7 44. Rg6 1-0

[Event "NED-ch op U18"]
[Site "Enschede"]
[Date "2010.08.12"]
[Round "6"]
[White "Snijders, Jasper"]
[Black "Damen, Igor"]
[Result "1-0"]
[WhiteElo "1695"]
[BlackElo "1937"]
[PlyCount "30"]
[EventDate "2010.08.09"]
[EventType "swiss"]
[EventRounds "9"]
[EventCountry "NED"]
[SourceTitle "CBM 137 Extra"]
[Source "ChessBase"]
[SourceDate "2010.09.01"]
[SourceVersion "1"]
[SourceVersionDate "2010.09.01"]
[SourceQuality "1"]

1. c4 Nf6 2. d4 d6 3. Nc3 g6 4. e4 Bg7 5. f4 0-0 6. Be2 Nbd7 7. g4 e5 8. g5 Ne8 9. dxe5 dxe5 10. f5 f6 11. fxg6 hxg6 12. h4 c6 13. c5 Qe7 14. Bc4+ Rf7 15. h5 Nxc5 1-0

[Event "NED-ch op U18"]
[Site "Enschede"]
[Date "2010.08.10"]
[Round "3"]
[White "Damen, Igor"]
[Black "Van Ginneken, Maikel"]
[Result "0-1"]
[WhiteElo "1937"]
[BlackElo "1316"]
[PlyCount "48"]
[EventDate "2010.08.09"]
[EventType "swiss"]
[EventRounds "9"]
[EventCountry "NED"]
[SourceTitle "CBM 137 Extra"]
[Source "ChessBase"]
[SourceDate "2010.09.01"]
[SourceVersion "1"]
[SourceVersionDate "2010.09.01"]
[SourceQuality "1"]

1. e4 e5 2. Nf3 Nc6 3. Bb5 Bc5 4. 0-0 d6 5. d4 exd4 6. Nxd4 Nge7 7. Be3 Bd7 8. c3 0-0 9. Be2 Ne5 10. f4 N5g6 11. f5 Ne5 12. Nc2 Bxe3+ 13. Nxe3 f6 14. Nd2 Be8 15. Ndc4 Nxc4 16. Bxc4+ Bf7 17. Qh5 d5 18. Qh4 dxc4 19. Rf3 Qd2 20. Rd1 Qxb2 21. Ng4 Qb6+ 22. Kh1 Rad8 23. Rdf1 Rd3 24. Rf4 Rxc3 0-1

[Event "Enschede op-B U16"]
[Site "Enschede"]
[Date "2009.08.04"]
[Round "3"]
[White "Gunther, Marcella"]
[Black "Damen, Igor"]
[Result "1-0"]
[WhiteElo "1889"]
[BlackElo "1720"]
[PlyCount "31"]
[EventDate "2009.08.03"]
[EventType "swiss"]
[EventRounds "9"]
[EventCountry "NED"]
[SourceTitle "CBM 132 Extra"]
[Source "ChessBase"]
[SourceDate "2009.11.03"]
[SourceVersion "1"]
[SourceVersionDate "2009.11.03"]
[SourceQuality "1"]

1. e4 e5 2. Nf3 Nc6 3. d4 exd4 4. Nxd4 Qh4 5. Nc3 Bb4 6. Be2 Qxe4 7. Ndb5 Bxc3+ 8. bxc3 Kd8 9. 0-0 Qe7 10. Bf4 d6 11. Bf3 Be6 12. Re1 Qd7 13. Qd2 a6 14. Nd4 d5 15. Nxe6+ fxe6 16. Bg4 1-0

[Event "NED-ch U17"]
[Site "Venlo"]
[Date "2009.05.01"]
[Round "8"]
[White "Mostertman, Xander"]
[Black "Damen, Igor"]
[Result "1/2-1/2"]
[WhiteElo "1837"]
[BlackElo "1738"]
[PlyCount "31"]
[EventDate "2009.04.24"]
[EventType "swiss"]
[EventRounds "9"]
[EventCountry "NED"]
[SourceTitle "EXT 2013"]
[Source "ChessBase"]
[SourceDate "2012.11.22"]
[SourceVersion "1"]
[SourceVersionDate "2012.11.22"]
[SourceQuality "1"]

1. e4 e5 2. Nf3 Nc6 3. Bc4 d6 4. h3 Be7 5. Nc3 Nf6 6. d4 Nxd4 7. Nxd4 exd4 8. Qxd4 Be6 9. Bf4 Bxc4 10. Qxc4 a6 11. 0-0 0-0 12. Rad1 Qc8 13. a4 Bd8 14. b4 Qe6 15. Qxe6 fxe6 16. e5 1/2-1/2

[Event "Twente Young Master op-C"]
[Site "Twente"]
[Date "2007.08.09"]
[Round "6"]
[White "Damen, Igor"]
[Black "Suurmond, Rik"]
[Result "1/2-1/2"]
[WhiteElo "1403"]
[BlackElo "1494"]
[PlyCount "93"]
[EventDate "2007.08.06"]
[EventType "swiss"]
[EventRounds "9"]
[EventCountry "NED"]
[SourceTitle "EXT 2008"]
[Source "ChessBase"]
[SourceDate "2007.11.25"]
[SourceVersion "1"]
[SourceVersionDate "2007.11.25"]
[SourceQuality "1"]

1. e4 e5 2. Nf3 Nc6 3. Bb5 a6 4. Ba4 b5 5. Bb3 Nf6 6. 0-0 Bb7 7. Re1 Bc5 8. c3 0-0 9. d4 exd4 10. cxd4 Bb6 11. Nc3 d6 12. Bg5 h6 13. Bh4 Re8 14. Nd5 g5 15. Bg3 Nxd5 16. Bxd5 Na5 17. Bxb7 Nxb7 18. h3 c5 19. dxc5 dxc5 20. Ne5 Bc7 21. Qd5 Qxd5 22. exd5 Bxe5 23. Bxe5 Rad8 24. Rad1 Nd6 25. Bf6 Rd7 26. Be5 Nc4 27. f4 gxf4 28. Bxf4 Rxe1+ 29. Rxe1 Rxd5 30. b3 Nd6 31. Bxh6 c4 32. bxc4 bxc4 33. Bf4 Kg7 34. Kf2 Nb5 35. Kf3 Kg6 36. h4 f6 37. g4 f5 38. Re6+ Kf7 39. gxf5 Nd4+ 40. Ke4 Nxe6 41. Kxd5 Nxf4+ 42. Kxc4 Kf6 43. Kb4 Nd5+ 44. Kc5 Ne3 45. Kb6 Nd5+ 46. Kxa6 Kxf5 47. a4 1/2-1/2

[Event "Twente Young Master op-C"]
[Site "Twente"]
[Date "2007.08.07"]
[Round "2"]
[White "Damen, Igor"]
[Black "Indekeu, Brecht"]
[Result "1-0"]
[WhiteElo "1403"]
[BlackElo "800"]
[PlyCount "65"]
[EventDate "2007.08.06"]
[EventType "swiss"]
[EventRounds "9"]
[EventCountry "NED"]
[SourceTitle "EXT 2008"]
[Source "ChessBase"]
[SourceDate "2007.11.25"]
[SourceVersion "1"]
[SourceVersionDate "2007.11.25"]
[SourceQuality "1"]

1. e4 e5 2. Nf3 Nc6 3. Bb5 Nf6 4. 0-0 Bc5 5. Re1 d6 6. h3 0-0 7. c3 d5 8. exd5 Qxd5 9. Bxc6 bxc6 10. Nxe5 Ne4 11. d4 Bb6 12. Nd2 Nf6 13. Ndf3 Re8 14. Bf4 c5 15. c4 Qd6 16. d5 Bf5 17. Nh4 g6 18. Nxf5 gxf5 19. Qf3 Ne4 20. g4 Rxe5 21. Bxe5 Qxe5 22. gxf5 Qg7+ 23. Kh2 Ng5 24. Qe3 h6 25. h4 Nh7 26. Rg1 Ng5 27. hxg5 Kh8 28. Rae1 hxg5 29. Rxg5 Qh6+ 30. Qh3 Qxh3+ 31. Kxh3 c6 32. Rh1 Rg8 33. Kg4# 1-0

[Event "Hengelo U12 op"]
[Site "Hengelo"]
[Date "2005.08.09"]
[Round "3"]
[White "Damen, Igor"]
[Black "Vlaming, Eckhart"]
[Result "0-1"]
[WhiteElo "830"]
[BlackElo "1221"]
[PlyCount "52"]
[EventDate "2005.08.??"]
[EventType "swiss"]
[EventRounds "13"]
[EventCountry "NED"]
[SourceTitle "CBM 107 Extra"]
[Source "ChessBase"]
[SourceDate "2005.09.01"]
[SourceVersion "1"]
[SourceVersionDate "2005.09.01"]
[SourceQuality "1"]

1. e4 e5 2. Nf3 Nc6 3. Bb5 d6 4. d3 Bd7 5. Nc3 Nf6 6. Bg5 Be7 7. Qd2 0-0 8. Qe3 Ng4 9. Qd2 Nf6 10. 0-0 Bg4 11. Nh4 h6 12. Bxf6 Bxf6 13. h3 Bh5 14. Nd5 Bxh4 15. Ne3 Nd4 16. Bc4 Bg5 17. c3 Nf3+ 18. gxf3 Bxf3 19. Qc2 Qc8 20. Nf5 g6 21. Qc1 gxf5 22. Qe1 fxe4 23. Kh2 Bf4+ 24. Kg1 Qxh3 25. Bxf7+ Kxf7 26. dxe4 Rg8# 0-1